00950 2200313 4500001002100000005001500021035002000036007000300056008004100059020002200100082001400122084001600136100003200152245009000184250003500274300003800309650002100347700003100368264003300399336002100432337003000453338002300483040002200506090002200528850001200550504003000562999002200592990002200614INLIS00000000086428920210901010602 a0010-0921000039ta210901s2021 yoia g ind d a978-623-244-659-504223a641.5 a641.5 NIN d0 aNinggar DiastitiePengarang1 aDiet sodium :bdiet sehat tanpa garam /cNinggar Diastiti; penyunting, Herman Adamson aCetakan pertama, Februari 2021 avi, 126 halaman :btabel ;c20 cm 4aDiet bebas garam0 aHerman AdamsonePenyunting31aYogyakarta :bHealthy,c2021 2rdacontentateks 2rdamediaatanpa perantara 2rdacarrieravolume aYOPDYOGbinderda aCB-D.11 2021-0831 aYOPDYOG aBibliografi : halaman 124 aCB-D.11/2021-0831 aCB-D.11/2021-0831